[Event "TUR-chT Clubs"]
[Site "Konya"]
[Date "2019.07.17"]
[Round "3.15"]
[White "Ipek, Yunus Enes"]
[Black "Hanci, Ilker"]
[Result "1/2-1/2"]
[WhiteElo "1638"]
[BlackElo "1577"]
[PlyCount "111"]
[EventDate "2019.07.16"]
[EventType "team-swiss"]
[EventRounds "9"]
[EventCountry "TUR"]
[SourceTitle "CBM 191 Extra"]
[Source "ChessBase"]
[SourceDate "2019.09.30"]
[SourceVersion "1"]
[SourceVersionDate "2019.09.30"]
[SourceQuality "1"]
[WhiteTeam "Tokat Ozgem Grup"]
[BlackTeam "Sinop Kultur"]
[WhiteTeamCountry "TUR"]
[BlackTeamCountry "TUR"]

1. g4 h5 2. gxh5 Nf6 3. d4 c5 4. c3 Qb6 5. Bg2 cxd4 6. cxd4 Nc6 7. Nf3 d5 8. Nc3 Bg4 9. Ne5 Qxd4 10. Qxd4 Nxd4 11. Nxg4 Nxg4 12. Nxd5 Nc2+ 13. Kf1 Rc8 14. Rb1 e6 15. Nc3 Bc5 16. Ne4 f5 17. Nxc5 Rxc5 18. Bxb7 Rxh5 19. h3 Nf6 20. Kg2 Nb4 21. Be3 Rc2 22. Bf3 Rh7 23. Rhc1 e5 24. Rxc2 Nxc2 25. Bc6+ Kf7 26. Bc5 Nd4 27. Bxd4 exd4 28. Rd1 Rh4 29. Bf3 Ke6 30. Rd3 g5 31. Kg3 Nd5 32. Bxd5+ Kxd5 33. e3 f4+ 34. Kg2 fxe3 35. fxe3 Ke4 36. Rxd4+ Kxe3 37. Rxh4 gxh4 38. b4 Kd4 39. Kf3 Kc4 40. Kg4 Kxb4 41. Kxh4 Ka3 42. Kg4 Kxa2 43. h4 a5 44. h5 a4 45. h6 Kb1 46. h7 a3 47. h8Q a2 48. Qh1+ Kb2 49. Qg2+ Kb1 50. Qf1+ Kb2 51. Qb5+ Ka1 52. Qa4 Kb2 53. Qb4+ Ka1 54. Qa3 Kb1 55. Qb3+ Ka1 56. Qc2 1/2-1/2